[Event "Amsterdam"]
[Site "?"]
[Date "1994.??.??"]
[Round "?"]
[White "Timman, J."]
[Black "Yusupov, A."]
[Result "1/2-1/2"]
[WhiteElo "2635"]
[BlackElo "2655"]
[PlyCount "131"]
[EventDate "1994.??.??"]
[Source "ChessBase"]
[SourceDate "1994.06.01"]

1. c4 e5 2. Nc3 d6 3. Nf3 f5 4. d4 e4 5. Ng5 c6 6. Nh3 Na6 7. e3 Nf6 8. Nf4 Nc7 9. d5 Be7 10. b3 O-O 11. Bb2 Bd7 12. Be2 g5 13. dxc6 bxc6 14. Nh5 Be6 15. Qc2 d5 16. O-O-O Nxh5 17. Bxh5 Na6 18. a3 Rb8 19. Be2 Qa5 20. cxd5 cxd5 21. Nxd5 Bxa3 22. Bc4 Rb7 23. Kb1 Bxb2 24. Kxb2 Nc5 25. Rd4 Nxb3 26. Bxb3 Bxd5 27. Rxd5 Qxd5 28. Rd1 Rxb3+ 29. Qxb3 Qxb3+ 30. Kxb3 Rb8+ 31. Kc3 Rc8+ 32. Kb3 Rb8+ 33. Kc3 Rc8+ 34. Kb3 Kf7 35. Rd7+ Kg6 36. Kb2 a5 37. Rd6+ Kg7 38. Rd5 Kg6 39. Rxa5 g4 40. Ra3 Kg5 41. Rc3 Rd8 42. Kc2 Rd6 43. g3 Rh6 44. Kd2 Rxh2 45. Ke2 h5 46. Rc8 h4 47. gxh4+ Rxh4 48. Rg8+ Kf6 49. Rf8+ Ke6 50. Re8+ Kf7 51. Ra8 Rh1 52. Ra6 Rg1 53. Rb6 g3 54. fxg3 Rg2+ 55. Kf1 Rxg3 56. Kf2 Rg6 57. Rxg6 Kxg6 58. Kg2 Kg7 59. Kg1 Kf7 60. Kf1 Ke6 61. Ke2 Kd5 62. Kd2 Kd6 63. Kd1 Kc5 64. Kc1 Kb5 65. Kb1 Ka5 66. Kc1 1/2-1/2

[Event "Donner mem-A"]
[Site "Donner mem-A"]
[Date "1994.??.??"]
[Round "4"]
[White "Timman, Jan Hein"]
[Black "Jussupow, Artur M"]
[Result "1/2-1/2"]
[WhiteElo "2620"]
[BlackElo "2665"]
[PlyCount "25"]
[EventDate "1994.??.??"]
[Source "www.chesslib.no"]
[SourceDate "2004.05.04"]

1. c4 e5 2. Nc3 d6 3. Nf3 g6 4. d4 e4 5. Ng5 c6 6. Nh3 Na6 7. e3 Nf6 8. Nf4 Nc7 9. d5 Be7 10. b3 O-O 11. Bb2 Bd7 12. Be2 Ng4 13. g3 1/2-1/2

[Event "Elenite"]
[Site "?"]
[Date "1995.??.??"]
[Round "?"]
[White "Gulko, B."]
[Black "Short, N."]
[Result "0-1"]
[WhiteElo "2620"]
[BlackElo "2645"]
[PlyCount "156"]
[EventDate "1995.??.??"]
[Source "ChessBase"]
[SourceDate "1995.06.01"]

1. c4 e5 2. Nc3 d6 3. Nf3 f5 4. d4 e4 5. Ng5 c6 6. g3 Be7 7. Nh3 Nf6 8. Bg2 O-O 9. O-O Na6 10. f3 exf3 11. exf3 Nc7 12. d5 cxd5 13. cxd5 b5 14. b4 a5 15. Rb1 axb4 16. Rxb4 Bd7 17. a3 Na6 18. Rb1 Qc7 19. Qd4 Qc5 20. Qxc5 Nxc5 21. Re1 Bd8 22. Nxb5 Nd3 23. Rd1 Bb6+ 24. Kh1 Nxc1 25. Rdxc1 Bc5 26. Nf4 Be3 27. Rc4 Bxb5 28. Rxb5 Rxa3 29. Rb1 Rfa8 30. Bf1 g5 31. Ne6 Nxd5 32. Rc2 Ra1 33. Rcb2 Nc3 34. Rxa1 Rxa1 35. Kg2 Kf7 36. Nc7 d5 37. Bd3 Rg1+ 38. Kh3 Kf6 39. f4 gxf4 40. gxf4 Rd1 41. Rb3 Bd4 42. Ba6 Kg6 43. Rb8 Bf6 44. Rb6 Ne4 45. Ne8 Rd2 46. Bc8 h5 47. Nd6 Nxd6 48. Rxd6 h4 49. Be6 d4 50. Bd7 Re2 51. Bc6 Re3+ 52. Kg2 h3+ 53. Kf1 Kf7 54. Rd7+ Ke6 55. Rh7 d3 56. Kf2 Bd4 57. Rd7 Bc5 58. Rd8 Kf6 59. Kf1 Bb6 60. Rd6+ Ke7 61. Rd7+ Ke6 62. Rd5 Bc7 63. Rd4 Kf6 64. Bb7 Bxf4 65. Ba6 Rf3+ 66. Ke1 Bxh2 67. Rxd3 Bg3+ 68. Ke2 Rf2+ 69. Ke3 h2 70. Rd1 f4+ 71. Kd3 Rb2 72. Bc4 Ke5 73. Kc3 Rg2 74. Rd5+ Ke4 75. Rh5 f3 76. Bd5+ Ke3 77. Rh7 Be5+ 78. Kc4 Rg1 0-1

[Event "Chalkidiki"]
[Site "?"]
[Date "1992.??.??"]
[Round "?"]
[White "Lautier, J."]
[Black "Kramnik, Vladimir"]
[Result "1/2-1/2"]
[WhiteElo "2580"]
[BlackElo "2625"]
[PlyCount "122"]
[EventDate "1992.??.??"]
[Source "ChessBase"]
[SourceDate "1992.06.01"]

1. c4 e5 2. Nc3 d6 3. Nf3 f5 4. d4 e4 5. Ng5 c6 6. g3 Be7 7. Nh3 Nf6 8. Bg2 O-O 9. O-O Kh8 10. d5 Nbd7 11. b3 Ne5 12. Bb2 Qe8 13. Qd2 Bd7 14. Rad1 a5 15. Nf4 Ng6 16. f3 Nxf4 17. Qxf4 Nh5 18. Qd2 e3 19. Qxe3 f4 20. gxf4 Nxf4 21. Kh1 Nxg2 22. Kxg2 Qg6+ 23. Kh1 Bf6 24. Qd2 Bf5 25. Rg1 Qf7 26. dxc6 bxc6 27. Na4 Rae8 28. Rg3 Bg6 29. Rg2 Bxb2 30. Nxb2 Re6 31. Nd3 d5 32. cxd5 cxd5 33. Rc1 d4 34. Rc5 Qe7 35. Rxa5 Re3 36. Qb4 Qf6 37. Ne5 d3 38. Ng4 dxe2 39. Nxe3 Qxf3 40. Re5 Qf1+ 41. Rg1 Qf2 42. Qe1 Qf3+ 43. Rg2 Bd3 44. Re7 Qf6 45. Rexg7 Qf1+ 46. Nxf1 exf1=Q+ 47. Qxf1 Rxf1+ 48. Rg1 Be4+ 49. R7g2 Rf2 50. h3 Rxa2 51. Kh2 Bxg2 52. Rxg2 Ra3 53. Rb2 Ra5 54. b4 Rb5 55. Kg3 Kg7 56. Kf4 Kf6 57. Ke4 Ke6 58. Kd4 Kd6 59. Kc4 Rh5 60. Rb3 Kc6 61. Rf3 Rh4+ 1/2-1/2

[Event "It"]
[Site "it Biel"]
[Date "1992.??.??"]
[Round "5"]
[White "Lautier, Joel"]
[Black "Hansen, Curt"]
[Result "1-0"]
[WhiteElo "2580"]
[BlackElo "2620"]
[PlyCount "75"]
[EventDate "1992.??.??"]
[Source "www.chesslib.no"]
[SourceDate "2004.05.04"]

1. c4 e5 2. Nc3 d6 3. Nf3 f5 4. d4 e4 5. Bg5 Be7 6. Bxe7 Qxe7 7. Nd2 Nf6 8. e3 O-O 9. Be2 c5 10. Nb3 Be6 11. O-O Bf7 12. Rc1 Na6 13. Qd2 Rad8 14. Na1 Nb4 15. d5 Bh5 16. f3 exf3 17. gxf3 Rde8 18. a3 Na6 19. Nc2 f4 20. exf4 Bg6 21. Ne1 Nh5 22. f5 Rxf5 23. f4 Ref8 24. Ng2 Nxf4 25. Bg4 Qg5 26. Bxf5 Nh3+ 27. Bxh3 Qxd2 28. Be6+ Bf7 29. Rcd1 Qg5 30. Nb5 Qe7 31. Rde1 Qd8 32. Nf4 Kh8 33. Bxf7 Rxf7 34. Ng6+ hxg6 35. Rxf7 Qh4 36. Re3 Qg5+ 37. Rg3 Qc1+ 38. Rf1 1-0

[Event "GER-FRA"]
[Site "Kaufbeuren"]
[Date "1993.??.??"]
[Round "2"]
[White "Renet, Olivier"]
[Black "Jussupow, Artur M"]
[Result "0-1"]
[WhiteElo "2505"]
[BlackElo "2645"]
[PlyCount "80"]
[EventDate "1993.10.??"]
[Source "www.chesslib.no"]
[SourceDate "2004.05.04"]

1. c4 e5 2. Nc3 d6 3. Nf3 f5 4. d4 e4 5. Ng5 c6 6. Nh3 Na6 7. g3 Nf6 8. Bg2 g6 9. O-O Bg7 10. d5 O-O 11. Bf4 cxd5 12. Nxd5 h6 13. Nc3 Rf7 14. Bxd6 Rd7 15. Nb5 Bf8 16. Qb3 Rxd6 17. Nxd6 Qxd6 18. Nf4 Kh7 19. Rad1 Qe7 20. f3 Nc5 21. Qc2 Bd7 22. fxe4 Ncxe4 23. Bxe4 Nxe4 24. Nd5 Qe5 25. b4 Be6 26. Rf3 Bxb4 27. Nxb4 Qc5+ 28. Kg2 Qxb4 29. Rb1 Qe7 30. Qb2 b6 31. Qa3 Qc7 32. Rd1 Re8 33. Qa4 Re7 34. Rd4 Bd7 35. Qa3 Bc6 36. Kg1 Qe5 37. Re3 Qxd4 38. Qxe7+ Kg8 39. Qe6+ Kf8 40. Qc8+ Be8 0-1

[Event "Amsterdam (open)"]
[Site "?"]
[Date "1995.??.??"]
[Round "?"]
[White "Hodgson, Ju"]
[Black "van der Wiel, J."]
[Result "1/2-1/2"]
[WhiteElo "2590"]
[BlackElo "2545"]
[PlyCount "59"]
[EventDate "1995.??.??"]
[Source "ChessBase"]
[SourceDate "1995.06.01"]

1. c4 e5 2. Nc3 d6 3. Nf3 f5 4. d4 e4 5. Ng5 Nf6 6. f3 exf3 7. Nxf3 c6 8. e3 g6 9. Bd3 Bg7 10. O-O O-O 11. Qc2 Na6 12. a3 Nc7 13. Bd2 d5 14. Qb3 Kh8 15. Ne5 Ne4 16. Bxe4 dxe4 17. Rad1 Qe8 18. Be1 b6 19. Bg3 Ne6 20. h4 Bb7 21. Ne2 c5 22. Nf4 Nxd4 23. exd4 cxd4 24. Qb5 Qxb5 25. cxb5 Bxe5 26. Nxg6+ hxg6 27. Bxe5+ Kg8 28. Rxd4 Rad8 29. Rc1 Rxd4 30. Bxd4 1/2-1/2

[Event "Mar del Plata"]
[Site "Mar del Plata"]
[Date "1982.??.??"]
[Round "?"]
[White "Franco Ocampos, Zenon"]
[Black "Polugaevsky, Lev"]
[Result "0-1"]
[WhiteElo "2505"]
[BlackElo "2625"]
[PlyCount "114"]
[EventDate "1982.02.??"]
[Source "ChessBase"]

1. c4 e5 2. Nc3 d6 3. Nf3 f5 4. d4 e4 5. Bg5 Nf6 6. Nd2 Be7 7. e3 O-O 8. Be2 c6 9. O-O Na6 10. f3 exf3 11. Bxf3 Nc7 12. e4 Ne6 13. Be3 f4 14. Bf2 Ng5 15. Be2 Qe8 16. Kh1 Qg6 17. Bh4 Qh6 18. Bf2 Bd8 19. Bg1 Bb6 20. a4 Ne6 21. e5 dxe5 22. dxe5 Nd7 23. Bxb6 axb6 24. Nf3 Ng5 25. Qd6 Qxd6 26. exd6 Nf7 27. Rfd1 Rd8 28. Rd4 Nf6 29. Rad1 Bf5 30. Rxf4 Bc2 31. Rd2 Bg6 32. Nh4 Rxd6 33. Rxd6 Nxd6 34. Nxg6 hxg6 35. h4 Nf5 36. Bd3 Rd8 37. Bxf5 gxf5 38. Rxf5 Rd2 39. Re5 Rxb2 40. Re7 Rc2 41. Ne4 Kf8 42. Re6 Nxe4 43. Rxe4 Ra2 44. Rf4+ Ke7 45. Re4+ Kf6 46. Rf4+ Kg6 47. Rg4+ Kh6 48. c5 bxc5 49. Rc4 Rd2 50. Rxc5 Rd4 51. g3 Rxa4 52. Kg2 Rb4 53. Re5 Rc4 54. Re6+ Kh7 55. Kh3 b5 56. h5 b4 57. Re7 Rc5 0-1

[Event "Corr"]
[Site "?"]
[Date "1998.03.01"]
[Round "?"]
[White "Trapl Jindrich"]
[Black "Read Michael (ENG)"]
[Result "1-0"]
[WhiteElo "2556"]
[BlackElo "2562"]
[PlyCount "95"]
[EventDate "1998.??.??"]
[Source "www.chesslib.no"]
[SourceDate "2004.05.04"]

1. c4 e5 2. Nc3 d6 3. Nf3 f5 4. d4 e4 5. Ng5 c6 6. f3 Be7 7. Nh3 Nf6 8. Bg5 O-O 9. e3 h6 10. Bxf6 Bxf6 11. Nf4 exf3 12. Qxf3 Re8 13. O-O-O Qe7 14. Kd2 Nd7 15. Bd3 Nb6 16. Rde1 Qf7 17. b3 Bd7 18. Nh5 Bh4 19. g3 Be7 20. g4 fxg4 21. Bh7+ Kf8 22. Qxf7+ Kxf7 23. Ne4 Rf8 24. Rhf1+ Ke8 25. c5 Nc8 26. Rxf8+ Bxf8 27. Rf1 Ke7 28. Nf4 Kd8 29. Ng6 Be7 30. Rf7 d5 31. Ng3 Bg5 32. Rxg7 b6 33. Ne5 Ne7 34. Nf7+ Ke8 35. Nxg5 hxg5 36. Nh5 Kf8 37. Rxg5 Kf7 38. Rg7+ Kf8 39. Bd3 bxc5 40. dxc5 Rb8 41. Rh7 Be6 42. Nf4 Bd7 43. Ng6+ Nxg6 44. Bxg6 Rd8 45. b4 Kg8 46. Kc3 Kf8 47. Kd4 Kg8 48. Bd3 1-0

[Event "Cardoza US Open"]
[Site "?"]
[Date "1998.08.09"]
[Round "9"]
[White "Gulko Boris F"]
[Black "Blatny Pavel"]
[Result "1-0"]
[WhiteElo "2585"]
[BlackElo "2520"]
[PlyCount "73"]
[EventDate "1998.??.??"]
[Source "www.chesslib.no"]
[SourceDate "2004.05.04"]

1. c4 e5 2. Nc3 d6 3. Nf3 Bg4 4. d4 Bxf3 5. exf3 exd4 6. Qxd4 Nf6 7. Be2 Nc6 8. Qd2 Be7 9. b3 O-O 10. Bb2 Re8 11. O-O Nb8 12. f4 c6 13. Bf3 a5 14. g4 Nfd7 15. Ne4 Nc5 16. Qc3 Bf8 17. Ng3 Nbd7 18. Nh5 f6 19. Rae1 Re7 20. Ng3 g6 21. Rxe7 Qxe7 22. Re1 Qf7 23. Ne4 Nxe4 24. Rxe4 Nc5 25. Re3 Bg7 26. Qe1 Kf8 27. Qd2 Qc7 28. g5 f5 29. Bxg7+ Kxg7 30. Qd4+ Kg8 31. h4 Rf8 32. h5 Qd7 33. h6 Rf7 34. Qd2 b6 35. Qd4 Ne6 36. Qxb6 Nxf4 37. Bxc6 1-0

[Event "Yerevan"]
[Site "Erevan ARM"]
[Date "1976.??.??"]
[Round "?"]
[White "Romanishin, Oleg M"]
[Black "Gulko, Boris F"]
[Result "1/2-1/2"]
[WhiteElo "2560"]
[BlackElo "2530"]
[PlyCount "72"]
[EventDate "1976.??.??"]
[Source "www.chesslib.no"]
[SourceDate "2004.05.04"]

1. c4 e5 2. Nc3 d6 3. Nf3 f5 4. d4 e4 5. Ng5 Nf6 6. f3 Nc6 7. fxe4 h6 8. Nh3 fxe4 9. g3 g5 10. Bg2 Bg7 11. O-O O-O 12. e3 Qe8 13. Nf2 Bf5 14. b4 Nxb4 15. Rb1 c5 16. a3 cxd4 17. Nb5 Nc6 18. Nxd6 Qe6 19. Nxf5 Qxf5 20. exd4 Qd7 21. Be3 Rad8 22. d5 Ne5 23. Qb3 Rc8 24. c5 Qxd5 25. Nxe4 Qxb3 26. Nxf6+ Bxf6 27. Rxb3 Ng4 28. Bd5+ Kh8 29. Rxf6 Nxf6 30. Bxb7 Rcd8 31. c6 Rd1+ 32. Kg2 Nd5 33. Bxa7 Rd2+ 34. Kg1 Rd1+ 35. Kg2 Rd2+ 36. Kg1 Rd1+ 1/2-1/2

[Event "5th Russian Cup Final, Kazan RUS"]
[Site "?"]
[Date "2001.??.??"]
[Round "8"]
[White "Kornev, Alexe"]
[Black "Popov, Val"]
[Result "1/2-1/2"]
[WhiteElo "2515"]
[BlackElo "2575"]
[PlyCount "47"]
[EventDate "2001.??.??"]
[Source "www.chesslib.no"]
[SourceDate "2004.05.04"]

1. c4 e5 2. Nc3 d6 3. Nf3 f5 4. d3 Nf6 5. g3 g6 6. Bg2 Bg7 7. O-O O-O 8. Rb1 a5 9. a3 Na6 10. Bg5 h6 11. Bxf6 Bxf6 12. Nd2 Bg7 13. b4 axb4 14. axb4 e4 15. Qb3 exd3 16. exd3 Kh7 17. f4 c6 18. Kh1 Re8 19. Qc2 Bd7 20. Nf3 b5 21. Ne2 bxc4 22. dxc4 Rb8 23. Qd2 Rxb4 24. Rxb4 1/2-1/2

[Event "Open"]
[Site "?"]
[Date "1999.02.18"]
[Round "6"]
[White "Poluljahov Aleksandr"]
[Black "Zilberman Yaacov"]
[Result "1-0"]
[WhiteElo "2566"]
[BlackElo "2513"]
[PlyCount "79"]
[EventDate "1999.??.??"]
[Source "www.chesslib.no"]
[SourceDate "2004.05.04"]

1. c4 e5 2. Nc3 d6 3. Nf3 f5 4. g3 Nf6 5. Bg2 g6 6. d4 e4 7. Ng5 Bg7 8. O-O O-O 9. f3 exf3 10. exf3 Nc6 11. f4 Re8 12. Kh1 h6 13. Nf3 Kh7 14. Re1 Ng4 15. Rxe8 Qxe8 16. Kg1 Bd7 17. Nd5 Rc8 18. h3 Nf6 19. Nxf6+ Bxf6 20. Rb1 Qh8 21. Be3 Re8 22. Bf2 Re7 23. d5 Nd8 24. Qd2 a6 25. Nd4 Qe8 26. b4 Nf7 27. c5 Bc8 28. Rc1 a5 29. a3 axb4 30. axb4 h5 31. Ra1 Qd8 32. Ra8 Re8 33. Bf3 Qe7 34. c6 bxc6 35. Nxc6 Qd7 36. Ra7 Nd8 37. b5 Nb7 38. b6 Kg7 39. Qc2 cxb6 40. Bxb6 1-0

[Event "21st Open"]
[Site "Reykjavik"]
[Date "2004.03.10"]
[Round "4"]
[White "Epishin, Vladimir"]
[Black "Zatonskih, Anna"]
[Result "1-0"]
[WhiteElo "2633"]
[BlackElo "2436"]
[PlyCount "132"]
[EventDate "2004.03.07"]
[Source "Roberto Alvarez"]
[SourceDate "2004.03.22"]

1. c4 e5 2. Nc3 d6 3. Nf3 f5 4. g3 Nf6 5. Bg2 g6 6. O-O Bg7 7. b4 O-O 8. Bb2 Qe7 9. d3 h6 10. Rc1 c6 11. a4 a5 12. b5 c5 13. e3 Be6 14. Nh4 Kh7 15. f4 exf4 16. exf4 Qf7 17. Qd2 Ra7 18. Bf3 b6 19. Ng2 d5 20. Nxd5 Nxd5 21. Bxg7 Kxg7 22. cxd5 Bxd5 23. Qc3+ Kh7 24. Ne3 Bxf3 25. Rxf3 Re7 26. Nc4 Nd7 27. Re1 Rfe8 28. Rfe3 Rxe3 29. Rxe3 Rxe3 30. Nxe3 Qe6 31. Kf2 Nf6 32. Qe5 Qa2+ 33. Kf3 Ng4 34. Qc7+ Kh8 35. Qd8+ Kh7 36. Qd7+ Kh8 37. Nxg4 fxg4+ 38. Qxg4 Qd5+ 39. Ke3 Qd4+ 40. Ke2 Kh7 41. Qe6 Qxa4 42. Qxb6 Qc2+ 43. Ke3 Qxh2 44. Qc7+ Kg8 45. b6 Qg1+ 46. Kd2 Qf2+ 47. Kc3 Qd4+ 48. Kc2 a4 49. Qe5 Qf2+ 50. Kc3 a3 51. Kb3 c4+ 52. dxc4 Qxb6+ 53. Kxa3 Qa7+ 54. Kb4 Qb7+ 55. Kc5 Qa7+ 56. Kd5 Qa8+ 57. Kd4 Qa1+ 58. Kd3 Qd1+ 59. Kc3 Qf3+ 60. Kd4 Qxg3 61. c5 Qf2+ 62. Kd5 Qa2+ 63. Kd6 Qa3 64. Kd7 Qa7+ 65. Qc7 Qa4+ 66. Qc6 Qa7+ 1-0

[Event "Brno"]
[Site "?"]
[Date "1992.??.??"]
[Round "?"]
[White "Bischoff, K."]
[Black "Sakaev, K."]
[Result "0-1"]
[WhiteElo "2510"]
[BlackElo "2540"]
[PlyCount "80"]
[EventDate "1992.??.??"]
[Source "ChessBase"]
[SourceDate "1992.06.01"]

1. c4 e5 2. Nc3 d6 3. Nf3 f5 4. d4 e4 5. Ng5 c6 6. Nh3 Be7 7. f3 Nf6 8. fxe4 Nxe4 9. Nxe4 fxe4 10. Nf2 O-O 11. e3 Qa5+ 12. Bd2 Qf5 13. Qe2 c5 14. g3 cxd4 15. exd4 Nc6 16. Be3 d5 17. O-O-O Na5 18. Qd2 Nxc4 19. Bxc4 dxc4 20. d5 Bf6 21. Rhe1 c3 22. bxc3 Bd7 23. Qc2 Rfe8 24. c4 b6 25. Kb1 Rac8 26. Qb3 h5 27. Rd2 Be5 28. Rc1 Qg6 29. Nd1 Rf8 30. Nc3 Rf3 31. Ne2 Ba4 32. Qa3 Qd6 33. Qxa4 Rxe3 34. Nd4 Ra3 35. Qc2 b5 36. c5 Qxd5 37. Nb3 Qf7 38. Re2 a5 39. Rxe4 Bf6 40. Rd1 a4 0-1

[Event "IBM"]
[Site "Amsterdam"]
[Date "1977.??.??"]
[Round "11"]
[White "Timman, Jan H"]
[Black "Ree, Hans"]
[Result "0-1"]
[WhiteElo "2590"]
[BlackElo "2460"]
[PlyCount "88"]
[EventDate "1977.06.??"]
[Source "ChessBase"]

1. c4 e5 2. Nc3 d6 3. Nf3 f5 4. g3 Nf6 5. Bg2 g6 6. d3 Bg7 7. c5 Nc6 8. cxd6 cxd6 9. Qb3 Qe7 10. Bg5 Be6 11. Bxf6 Bxf6 12. Nd5 Bxd5 13. Qxd5 Qf7 14. Nd2 Qxd5 15. Bxd5 Kd7 16. O-O Rac8 17. a3 Ne7 18. Bxb7 Rc2 19. Nc4 Rb8 20. Bf3 d5 21. Ne3 Rcxb2 22. Nxd5 Nxd5 23. Bxd5 Rxe2 24. Rab1 Rbb2 25. Rxb2 Rxb2 26. Bg8 h6 27. Bh7 Be7 28. Bxg6 Ke6 29. Rc1 Bxa3 30. Rc6+ Kd5 31. Rf6 Bc5 32. Rxf5 a5 33. Rf6 a4 34. Be4+ Kd4 35. Ra6 a3 36. Kg2 Kc3 37. g4 Rxf2+ 38. Kg3 Rd2 39. h4 a2 40. g5 hxg5 41. h5 Kb2 42. h6 Ba3 43. Rb6+ Kc3 44. Rc6+ Kb4 0-1

[Event "Cadiz Open"]
[Site "Cadiz"]
[Date "1991.??.??"]
[Round "?"]
[White "Sokolov, Andrei"]
[Black "Strikovic, Aleksa"]
[Result "1/2-1/2"]
[WhiteElo "2550"]
[BlackElo "2495"]
[PlyCount "33"]
[EventDate "1991.??.??"]
[Source "www.chesslib.no"]
[SourceDate "2004.05.04"]

1. c4 e5 2. Nc3 d6 3. Nf3 f5 4. d4 e4 5. Ng5 h6 6. Nh3 g5 7. Ng1 Nf6 8. h4 g4 9. e3 Bg7 10. Nge2 Nh5 11. Nd5 Be6 12. Nef4 Nxf4 13. Nxf4 Bf7 14. Qb3 c5 15. dxc5 dxc5 16. Bd2 Qb6 17. Bc3 1/2-1/2

[Event "2nd IECC, Ohrid MKD"]
[Site "?"]
[Date "2001.??.??"]
[Round "2"]
[White "Cyborowski, L."]
[Black "Iordachescu, V."]
[Result "0-1"]
[WhiteElo "2450"]
[BlackElo "2585"]
[PlyCount "76"]
[EventDate "2001.??.??"]
[Source "www.chesslib.no"]
[SourceDate "2004.05.04"]

1. c4 e5 2. Nc3 d6 3. Nf3 f5 4. d4 e4 5. Ng5 c6 6. d5 Nf6 7. g3 Be7 8. Bg2 h6 9. Nh3 Nbd7 10. O-O Ne5 11. b3 O-O 12. Bb2 Qa5 13. Qd2 cxd5 14. Nxe4 Qxd2 15. Nxd2 dxc4 16. bxc4 Be6 17. Nf4 Bf7 18. Rfc1 Rac8 19. c5 g5 20. cxd6 Bxd6 21. Nd3 Nxd3 22. exd3 Nd5 23. Nc4 Bb8 24. Na5 Nb4 25. Ba3 Nxa2 26. Bxf8 Rxc1+ 27. Rxc1 Nxc1 28. Bxh6 Nxd3 29. Bxg5 b5 30. Nc6 Bd6 31. Bf1 Ne1 32. Bxb5 Nf3+ 33. Kf1 Nxg5 34. Nxa7 Ne4 35. Nc6 Bc5 36. Ne5 Bd5 37. Bc6 Bxc6 38. Nxc6 Nxf2 0-1

[Event "Novi Sad"]
[Site "Novi Sad"]
[Date "1976.??.??"]
[Round "?"]
[White "Deze, Anton"]
[Black "Smejkal, Jan"]
[Result "1-0"]
[WhiteElo "2415"]
[BlackElo "2615"]
[PlyCount "68"]
[EventDate "1976.??.??"]
[Source "www.chesslib.no"]
[SourceDate "2004.05.04"]

1. c4 e5 2. Nc3 d6 3. Nf3 f5 4. d4 e4 5. Bg5 Nf6 6. Nd2 h6 7. Bxf6 Qxf6 8. e3 c6 9. g4 fxg4 10. Ndxe4 Qf7 11. Be2 h5 12. Qb3 Be7 13. O-O-O Na6 14. Rdf1 Nc7 15. f3 Qg6 16. Bd3 Qh6 17. f4 O-O 18. h3 gxh3 19. Qc2 Bg4 20. Nf2 Qe6 21. Nxg4 hxg4 22. Qf2 Rae8 23. Rfg1 Bd8 24. Nd1 d5 25. f5 Qh6 26. Rxg4 Ne6 27. cxd5 cxd5 28. Qf3 Ng5 29. Qxd5+ Kh8 30. Kb1 Qh5 31. Be2 Qh7 32. e4 Bf6 33. Nf2 Rd8 34. Qb3 Rxd4 1-0

[Event "Odorheiu Secuiesc"]
[Site "Odorheiu Secuiesc"]
[Date "1993.??.??"]
[Round "11"]
[White "Schwartzman, Gabriel"]
[Black "Sax, Gyula"]
[Result "1/2-1/2"]
[WhiteElo "2455"]
[BlackElo "2570"]
[PlyCount "23"]
[EventDate "1993.05.??"]
[Source "www.chesslib.no"]
[SourceDate "2004.05.04"]

1. c4 e5 2. Nc3 d6 3. Nf3 f5 4. d4 e4 5. Ng5 Be7 6. Nh3 Nf6 7. e3 c6 8. Nf4 Na6 9. h4 Nc7 10. d5 Ng4 11. g3 Ne5 12. Be2 1/2-1/2

[Event "Europa ch 2008"]
[Site "Plovdiv BUL"]
[Date "2008.05.01"]
[Round "10.88"]
[White "Novikov, Stanislav"]
[Black "Sanduleac, Vasile"]
[Result "0-1"]
[WhiteElo "2564"]
[BlackElo "2461"]
[PlyCount "50"]
[EventDate "2008.04.21"]
[Source "www.chesslib.no"]
[SourceDate "2004.05.04"]

1. c4 e5 2. Nc3 d6 3. Nf3 f5 4. d3 Nf6 5. g3 Be7 6. Bg2 O-O 7. O-O Qe8 8. c5 Nc6 9. cxd6 cxd6 10. Bg5 Be6 11. d4 Bc4 12. d5 Nd8 13. Nxe5 dxe5 14. d6 Bxd6 15. Qxd6 Nf7 16. Qc7 Rc8 17. Qxb7 Nxg5 18. Qxa7 Nge4 19. Rfc1 Nxc3 20. Rxc3 Bxe2 21. Rxc8 Qxc8 22. Qe3 Qc2 23. Qxe5 Bd1 24. a4 Qxf2+ 25. Kh1 Ng4 0-1

[Event "Lone Pine Open"]
[Site "Lone Pine, CA USA"]
[Date "1978.??.??"]
[Round "5"]
[White "Timman, Jan H"]
[Black "Ligterink, Gert"]
[Result "1/2-1/2"]
[WhiteElo "2585"]
[BlackElo "2440"]
[PlyCount "74"]
[EventDate "1978.04.??"]
[Source "www.chesslib.no"]
[SourceDate "2004.05.04"]

1. c4 e5 2. Nc3 d6 3. Nf3 f5 4. d4 e4 5. Bg5 Nf6 6. Nd2 Be7 7. e3 O-O 8. Be2 c6 9. O-O Na6 10. f3 exf3 11. Bxf3 Nc7 12. Qb3 Kh8 13. Rae1 c5 14. dxc5 dxc5 15. Rd1 Bd6 16. Nb5 Nxb5 17. cxb5 Qc7 18. h3 h6 19. Bxf6 Rxf6 20. Nc4 Bg3 21. Bd5 Bd7 22. a4 Raf8 23. Qc3 Be8 24. Rd2 b6 25. Bf3 Bf7 26. Bd5 Be8 27. Kh1 f4 28. Bf3 fxe3 29. Nxe3 Bf4 30. Re2 Bxe3 31. Rxe3 Bh5 32. Qe1 Bxf3 33. Rfxf3 Rxf3 34. Rxf3 Rxf3 35. Qe8+ Kh7 36. Qe4+ Kg8 37. Qxf3 Qe5 1/2-1/2

[Event "Graz Anton Afritsch Memorial"]
[Site "Graz AUT"]
[Date "1991.??.??"]
[Round "6"]
[White "Uhlmann, Wolfgang"]
[Black "Mokry, Karel"]
[Result "1/2-1/2"]
[WhiteElo "2510"]
[BlackElo "2510"]
[PlyCount "34"]
[EventDate "1991.03.02"]
[Source "www.chesslib.no"]
[SourceDate "2004.05.04"]

1. c4 e5 2. Nc3 d6 3. Nf3 f5 4. d4 e4 5. Ng5 c6 6. d5 Na6 7. f3 Be7 8. Nh3 Nf6 9. Nf2 cxd5 10. cxd5 O-O 11. e3 Qb6 12. Be2 Nc5 13. O-O a5 14. Qd4 exf3 15. gxf3 Nfd7 16. Rb1 Bf6 17. Qd2 Ne5 1/2-1/2

[Event "Linares Open"]
[Site "Linares ESP"]
[Date "1994.??.??"]
[Round "4"]
[White "Nedobora, Mikhail"]
[Black "Damljanovic, Branko"]
[Result "1/2-1/2"]
[WhiteElo "2460"]
[BlackElo "2560"]
[PlyCount "33"]
[EventDate "1994.01.??"]
[Source "www.chesslib.no"]
[SourceDate "2004.05.04"]

1. c4 e5 2. Nc3 d6 3. Nf3 Bg4 4. e3 Nd7 5. Be2 Be7 6. h3 Bh5 7. d3 c6 8. O-O Ngf6 9. b3 h6 10. Nh4 Bxe2 11. Qxe2 O-O 12. Nf5 Re8 13. Ba3 Qc7 14. Rfd1 Bf8 15. d4 exd4 16. Nxd4 Rad8 17. Qc2 1/2-1/2

[Event "Malme (Sweden)"]
[Site "?"]
[Date "1968.??.??"]
[Round "6"]
[White "Larsen Bent"]
[Black "Spassky Boris V"]
[Result "1/2-1/2"]
[WhiteElo "2470"]
[BlackElo "2548"]
[PlyCount "112"]
[EventDate "1968.??.??"]
[Source "www.chesslib.no"]
[SourceDate "2004.05.04"]

1. c4 e5 2. Nc3 d6 3. Nf3 Bg4 4. e3 Nf6 5. Be2 Be7 6. h3 Bh5 7. d4 Nbd7 8. O-O c6 9. b3 O-O 10. Bb2 Re8 11. d5 e4 12. dxc6 bxc6 13. Nd4 Bxe2 14. Qxe2 Ne5 15. f3 exf3 16. Nxf3 Rc8 17. Rad1 Qc7 18. Nd4 Rcd8 19. Nf5 Bf8 20. Nh6+ Kh8 21. Rxf6 gxf6 22. Qh5 Bxh6 23. Qxh6 Re6 24. Ne4 Qe7 25. Qf4 Rg8 26. c5 dxc5 27. Nxf6 Rg6 28. Ng4 f6 29. Nh6 Rd6 30. Rxd6 Qxd6 31. Bxe5 fxe5 32. Nf7+ Kg7 33. Nxe5 Re6 34. Qg5+ Kf8 35. Qf5+ Kg7 36. Qg5+ Kf8 37. Qf5+ Kg7 38. Qf7+ Kh8 39. Nc4 Qe7 40. Qf4 Rf6 41. Qg4 Rg6 42. Qc8+ Kg7 43. Qf5 Qe6 44. Qf4 Qd5 45. e4 Qg5 46. Qf2 Rf6 47. Qe1 Rf3 48. Nd6 Rxh3 49. Nf5+ Kg8 50. Qd1 Rc3 51. Qd7 Rc1+ 52. Kh2 Qh5+ 53. Kg3 Qg5+ 54. Kh2 Qh5+ 55. Kg3 Qg5+ 56. Kh2 Qh5+ 1/2-1/2

[Event "Saarlouis-Roden(24.05.-01.06)"]
[Site "?"]
[Date "1998.??.??"]
[Round "8"]
[White "Zagorskis Darius"]
[Black "Mainka Romuald"]
[Result "0-1"]
[WhiteElo "2515"]
[BlackElo "2500"]
[PlyCount "72"]
[EventDate "1998.??.??"]
[Source "www.chesslib.no"]
[SourceDate "2004.05.04"]

1. c4 e5 2. Nc3 d6 3. Nf3 f5 4. d4 e4 5. Ng5 c6 6. Nh3 Na6 7. g3 Nf6 8. Bg2 Be7 9. O-O O-O 10. d5 Ng4 11. f3 exf3 12. exf3 Ne5 13. dxc6 bxc6 14. b3 Bf6 15. Bd2 Bd7 16. Nf2 Nc5 17. Qc2 Ne6 18. Rae1 f4 19. gxf4 Ng6 20. Nd3 Nd4 21. Qd1 Nf5 22. Ne4 Bd4+ 23. Kh1 Qh4 24. Re2 Qh5 25. Qe1 Rae8 26. Nc1 Ngh4 27. Ng3 Qg6 28. Nxf5 Rxe2 29. Qxe2 Nxf5 30. Be1 Re8 31. Qd2 Be3 32. Qb2 c5 33. Ne2 Bc6 34. Ng3 Bd4 35. Qb1 Ne3 36. f5 Qf7 0-1